000 00696nam a2200205Ii 4500
003 JO-AjNU
008 230605s9999||||xx |||||||||||||| ||und||
040 _aJO-AjNU
_bara
_erda
_cJO-AjNU
041 _aara
050 1 4 _aBP166.2.A3564 1998
100 3 _aجمع وترتيب: عبد الجواد، أحمد,
_eauthor
_921104
245 0 0 _aالله جل جلاله إله واحد
250 _aط1
264 3 1 _aبيروت: دار الكتب العلمية، 1998
300 _a222ص
336 _atext
_btxt
_2rdacontent
337 _aunmediated
_bn
_2rdamedia
338 _avolume
_bnc
_2rdacarrier
650 4 _aالله جل جلاله- الالهيات- الاسماء الحسنى
_921105
999 _aA7276
_c10844
_d10844